| 000 | 00985cam a2200241 4500 | ||
|---|---|---|---|
| 001 | ABS66613 | ||
| 008 | 030502n2003 000 0 eng u | ||
| 035 | _a(Sirsi) u122184 | ||
| 100 | _aLevitt, A. | ||
| 245 | _aReinsurance: from cover to cover | ||
| 260 | _c2003 | ||
| 490 |
_aEstates Gazette _v(0315) 12 April 2003, 134(1) |
||
| 520 | _aExamines how the Pool Reinsurance Co Ltd (Pool Re) scheme has changed following the attack on the World Trade Center on 11 September 2001. The scheme has increased coverage to include contamination and impact by aircraft, making it easier for property owners to obtain insurance against all kinds of terrorist acts and for insurers to set terrorism premiums for their underlying policies. | ||
| 590 | _aABS | ||
| 650 | _aTERRORISM | ||
| 650 | _aTERRORISM INSURANCE | ||
| 650 | _aSEPTEMBER 11 ATTACKS | ||
| 650 | _aPOOL RE | ||
| 650 | _aPROPERTY OWNERS | ||
| 650 | _aPROPERTY INSURANCE | ||
| 690 |
_aInsurance _96249 |
||
| 942 | _n0 | ||
| 999 |
_c72620 _d72620 |
||